Financial Risk Management (Record no. 173989)

MARC details
000 -LEADER
fixed length control field 00624nam a22001937a 4500
005 - DATE AND TIME OF LATEST TRANSACTION
control field 20200313143614.0
010 ## - LCCN (DPL NO)
LC control number ENG-128026
020 ## - INTERNATIONAL STANDARD BOOK NUMBER
International Standard Book Number 9789353063283
Terms of availability 680.00
035 ## - SYSTEM CONTROL NUMBER
System control number EN-111558
037 ## - SOURCE OF ACQUISITION
Source of stock number/acquisition DBAD/PUB
082 ## - DEWEY DECIMAL CLASSIFICATION NUMBER
Classification number 332.10681
100 ## - MAIN ENTRY--PERSONAL NAME
Personal name Janakiramanan,Sundaram
245 ## - TITLE STATEMENT
Title Financial Risk Management
Statement of responsibility, etc by Sundaram Janakiramanan
260 ## - PUBLICATION, DISTRIBUTION, ETC. (IMPRINT)
Place of publication, distribution, etc Noida
Name of publisher, distributor, etc Pearson
Date of publication, distribution, etc 2018
270 ## - ADDRESS
Address 15th floor,Tower-B,World Trade Tower,plot no.1,Block-c,sector 16
City Noida
Postal code 201301
300 ## - PHYSICAL DESCRIPTION
Extent xxiii;334p.
Dimensions 28cm(pbk)
500 ## - GENERAL NOTE
General note includes bibliographical references <br/>
942 ## - ADDED ENTRY ELEMENTS (KOHA)
Source of classification or shelving scheme Dewey Decimal Classification
Item type English Books
Classification part 332.10681
Call number suffix JAN
Holdings
Withdrawn status Lost status Not for loan Collection code Home library Current library Date acquired Source of acquisition Cost, normal purchase price Full call number Barcode Copy number Cost, replacement price Koha item type
      Non-fiction Central Library Central Library 13/03/2020 DBAD/PUB 680.00 332.10681 JAN EN-111558 1 680.00 English Books

© Delhi Public Library
Hit Counter
free hit counter